مكتبة جامعة عجلون الوطنية

فهرس بحث المكتبة

Normal view MARC view
  • Reports - Arabic Knowledge - Youth - Localization of Knowledge

Entry Topical Term

Number of records used in: 1

001 - CONTROL NUMBER

  • control field: 3593

003 - CONTROL NUMBER IDENTIFIER

  • control field: JO-AjAnu

005 - DATE AND TIME OF LATEST TRANSACTION

  • control field: 20230606070906.0

008 - FIXED-LENGTH DATA ELEMENTS

  • fixed length control field: 230606|| aca||aabn | a|a d

040 ## - CATALOGING SOURCE

  • Original cataloging agency: JO-AjAnu
  • Transcribing agency: JO-AjAnu

150 ## - HEADING--TOPICAL TERM

  • Topical term or geographic name entry element: Reports - Arabic Knowledge - Youth - Localization of Knowledge

670 ## - SOURCE DATA FOUND

  • Source citation: Work cat.: (JO-AjAnu)1874: Mohammed bin Rashid Al Maktoum Foundation, author 3592, Arab Knowledge Report 2014 Youth and Localisation of Knowledge